Word Chain - Iran - Statistics

General Stats
  • This quiz has been taken 195 times
  • The average score is 13 of 22
Answer Stats
Hint Answer % Correct
Country Iran fought against in the 80s Iraq
98%
Main denomination of Islam Shia
89%
Branch of mathematics Al-Khwarizmiis considered the "father" of Algebra
85%
Iran is vocally a supporter of this country's militant group of Hezbollah Lebanon
84%
Title for the Persian kings Shah
79%
Team sport played on horseback with a long wooden mallet, originated in Iran Polo
77%
"Great" king who ruled Persia at its greatest extend Darius
63%
Strait between Iran and Arabia Hormuz
63%
Religious capital of Iran Qom
61%
Currency of Iran Rial
61%
Founded world's first monotheist religion Zoroaster
58%
Type of popular flower that was firstcultivated in Iran in the 10th century Tulip
55%
Type of popular grape, made for wine Shiraz
52%
Capital of Iran between 1598-1736 Isfahan
51%
City home to the Imam Reza shrine Mashhad
46%
Gulf on the southeastern coast Oman
44%
Type of chewy candy with roasted nutsand white sugar (called "gaz" in Iran) Nougat
40%
This language has the second-highestnumber of native speakers in Iran Azerbaijani
39%
Afsharid king whose nameis the opposite of zinth Nader
39%
Mountain range that covers most ofIran's western borders Zagros
31%
Elite unit of 10,000 Persian soldiers Immortals
23%
President between 2013-2021 Rouhani
15%
No matching quizzes found
Score Distribution
Percent of People with Each Score
Percentile by Number Answered
Your Score History
You have not taken this quiz